00674nam a2200229Ia 4500001000600000003000900006008004100015040001300056040001300069041001300082100001900095100002900114245006000143245003800203250001100241260001200252260001300264260004900277300005500326650003200381650003100413 2509IT-RoPAU130308s9999 xx 000 0 und d aIT-RoPAU cIT-RoPAU aITALIANO aIsnenghi Mario gCodice Aut. SPICS: 5300 aAspetti del rituale di massa fascista-Stampa e dintorni bCinema Italiano sotto Il Fascismo a1a ed. aVENEZIA bMarsilio c1979 [1° Ed.:1979 - Ed.Ling.Originale:1979] a"9 p. (prefazione: no ; testo: 9 [pagine: 51-59])" aSTORIA NAZIONALE DEL CINEMA eCodice materia Spics: 6809